000 006820000a22001930004500
090 _aAR
_b01485
245 1 0 _aAspectos ecológicos de las áreas de descarga de agua subterránea en la sierra de Guadarrama
650 1 4 _aCaracterización ecológica
_94545
650 1 4 _aVegetación
_992799
650 1 4 _aSuelo
_914848
650 1 4 _aGeomorfología
_993492
651 4 _lSierra de Guadarrama
_pEspaña
_992749
041 0 _aEspañol
700 1 _aRey Benayas, José María
_994257
700 1 _aLevassor, Catherine
_994828
100 1 _aGarcía Sanchez Colomer, Manuel Ramón
_994829
942 _cARTICULO
773 1 _tHidrogeología y Recursos Hidrográficos
_3533
_h20
_q353-368
_d1995
999 _c10568
_d10568